| Tag |
First Indicator |
Second Indicator |
Subfields |
| LEADER |
00000cam a2200000 a 4500 |
| 001 |
in00000099164 |
| 005 |
20150924155955.0 |
| 008 |
811029s1982 nyua b 00110 eng |
| 010 |
|
|
|a 81017421
|
| 020 |
|
|
|a 0824712889
|
| 035 |
|
|
|a (OCoLC)07947640
|
| 035 |
|
|
|9 AAL0038AM
|
| 039 |
0 |
|
|a 2
|b 3
|c 3
|d 3
|e 3
|
| 040 |
|
|
|a DLC
|c DLC
|d FCR
|d TXA
|d UtOrBLW
|
| 049 |
|
|
|a TXAM
|c [1562107]
|
| 050 |
0 |
0 |
|a QD79 C8
|b F74
|
| 082 |
0 |
|
|a 543/.08956
|2 19
|
| 096 |
|
|
|a QD 79 .C8 F899 1982
|
| 100 |
1 |
|
|a Fried, Bernard,
|d 1933-
|
| 245 |
1 |
0 |
|a Thin-layer chromatography :
|b techniques and applications /
|c Bernard Fried, Joseph Sherma.
|
| 264 |
|
1 |
|a New York :
|b M. Dekker,
|c [1982]
|
| 264 |
|
4 |
|c ©1982
|
| 300 |
|
|
|a v, 308 pages :
|b illustrations ;
|c 24 cm.
|
| 336 |
|
|
|a text
|b txt
|2 rdacontent
|
| 337 |
|
|
|a unmediated
|b n
|2 rdamedia
|
| 338 |
|
|
|a volume
|b nc
|2 rdacarrier
|
| 490 |
1 |
|
|a Chromatographic science ;
|v v. 17
|
| 504 |
|
|
|a Includes bibliographies and index.
|
| 650 |
|
0 |
|a Thin layer chromatography.
|
| 650 |
|
2 |
|a Chromatography, Thin Layer.
|
| 700 |
1 |
|
|a Sherma, Joseph.
|
| 830 |
|
0 |
|a Chromatographic science ;
|v v. 17.
|
| 999 |
|
|
|a MARS
|
| 999 |
f |
f |
|s b8fbaaa4-8801-3bd8-ba8d-0948b9e458ad
|i 08c0a511-628c-3a63-aa92-88f9e54a50c4
|t 0
|
| 952 |
f |
f |
|p ric
|a Texas A&M University
|b Rellis Campus
|c Joint Library Facility
|d Remote Storage
|t 0
|e QD79 C8 F74
|h Library of Congress classification
|i unmediated -- volume
|m A14806295197
|
| 998 |
f |
f |
|a QD79 C8 F74
|t 0
|l Remote Storage
|